Measurement bases for financial accounting (Record no. 105067)

MARC details
000 -LEADER
fixed length control field 00390cam a2200133 4500
001 - CONTROL NUMBER
control field ##L132234
008 - FIXED-LENGTH DATA ELEMENTS--GENERAL INFORMATION
fixed length control field 060120n2005 000 0 eng u
020 ## - INTERNATIONAL STANDARD BOOK NUMBER
International Standard Book Number 1904230962
035 ## - SYSTEM CONTROL NUMBER
System control number (Sirsi) u132234
110 ## - MAIN ENTRY--CORPORATE NAME
Corporate name or jurisdiction name as entry element Candian Accounting Standards Board
245 00 - TITLE STATEMENT
Title Measurement bases for financial accounting
Remainder of title measurement on initial recognition
260 ## - PUBLICATION, DISTRIBUTION, ETC.
Place of publication, distribution, etc. London
Name of publisher, distributor, etc. IASB
Date of publication, distribution, etc. 2005
942 ## - ADDED ENTRY ELEMENTS (KOHA)
Suppress in OPAC 0

No items available.